00879nam a2200205 a 450000100100000000500170001000800410002702000150006804000250008310000360010824500730014426001200021730000210033750000250035850000550038371000440043871000680048295201060055099900170065600003561420200930074456.0111105s2006 br 000 0 spa d a8533304455 aDO-SdBNPbspacBNPHU1 aNina Rodrigues, Raymundo96151610aO animismo fetichista dos negros baianos /aRaymundo Nina Rodrigues. aRio de Janeiro :bRepública Federativa do BrasilbMinisterio da Cultura, Fundação Biblioteca Nacional,c2006. a139 p. ;c24 cm. aTexto a dos columnas aIncluye datos biográficos del autor en la solapa2 aRepública Federativa do Brasil9592962 aMinisterio da Cultura, Fundação Biblioteca Nacional,961517 0010507-18MOaGRbGRcOId2011-11-05iLF1l0o p35614-10r2020-06-25w2020-06-25y1ZNo se presta c35105d35105